|
|
|
|
| LEADER |
00000nab a2200000 a 4500 |
| 001 |
vtls000709985 |
| 003 |
SK-MaSNL |
| 005 |
20260304000533.0 |
| 008 |
160314c1999 xo 0 slo |
| 015 |
|
|
|a SNBRB2000/01-01963
|
| 035 |
|
|
|a CLN000062152
|
| 040 |
|
|
|a SNKBUCL
|b slo
|c SNKBUCL
|e AACR2
|
| 041 |
0 |
|
|a slo
|
| 044 |
|
|
|a xo
|c SK
|
| 080 |
|
|
|a 82.09:820 (73)-3(048)
|2 UDC-MRF-SK2
|
| 080 |
|
|
|a 820 (73)-3(048)
|2 UDC-MRF-SK2
|
| 100 |
1 |
|
|a Vlnka, Jaroslav,
|d 1971-
|4 aut
|9 103665
|
| 245 |
1 |
0 |
|a Špeciality hrôzy, hrozné špeciality
|c Jaroslav Vlnka
|
| 650 |
0 |
7 |
|a americké romány
|2 snkbucl
|9 281747
|
| 655 |
|
7 |
|a recenzie
|2 snkbucl
|9 21907
|
| 773 |
0 |
|
|t Knižná revue
|g Roč. 9, č. 25-26 (1999), s. 5
|x 1210-1982
|
| 787 |
0 |
8 |
|i Rec.:
|a Lovecraft, Howard Phillips
|t Tá vec na prahu
|d Košice : Knižná dielňa Timotej, 1999
|
| 850 |
|
|
|a Slovenská národná knižnica v Martine
|
| 852 |
|
|
|a SNK
|b KIS3GCP
|
| 958 |
|
|
|a LX
|
| 958 |
|
|
|a US
|
| 958 |
|
|
|a RBX
|
| 999 |
|
|
|c 2531724
|d 2533654
|